000 01176cab a2200349 4500
001 WB3114-48
008 090401t1995 xxu||||| |||| 00| 0 eng d
035 _a(Sirsi) u46354
041 _aeng
245 _aGerman property market
260 _c1995
350 _a0
490 _aDaily Telegraph
_v4 April 1995, 27(1)
520 _aProperty values in the former West Germany have stopped falling but no growth is forecast, and in the east values are still dropping, leaving the property market 12-18 months behind the economic recovery in Germany, according to a report by Weatherall Green & Smith.
650 _aBERLIN
650 _aDUSSELDORF
650 _aFORECASTS
650 _aFRANKFURT
650 _aGERMANY
650 _aHAMBURG
650 _aINVESTMENT MARKET
650 _aMUNICH
650 _aNEUE BUNDESLANDER
650 _aPROPERTY-COMMERCIAL PROPERTY-OFFICE PROPERTY-OFFICE PROPERTY MARKET
650 _aOFFICE RENTS
650 _aSECONDARY PROPERTY
650 _aWEATHERALL GREEN AND SMITH
690 _aPROPERTY-COMMERCIAL PROPERTY-COMMERCIAL PROPERTY MARKET
690 _aOVERSEAS-EUROPE
942 _n0
948 _c04/03/1997
999 _c29325
_d29325